Detalles MARC
| 000 -LÍDER |
| Campo fijo de descripción fija |
02531nam a2200349 i 4500 |
| 001 - NÚMERO DE CONTROL |
| Campo de control |
768714001 |
| 003 - IDENTIFICADOR DEL NÚMERO DE CONTROL |
| Campo de control |
CO-MdFUSB |
| 005 - FECHA Y HORA DE LA ULTIMA TRANSACCIÓN |
| control field |
20200806152319.0 |
| 007 - CAMPO FIJO DE DESCRIPCIÓN FIJA--INFORMACIÓN GENERAL |
| Campo fijo de descripción fija |
cr aa aaaaa |
| 008 - ELEMENTOS DE LONGITUD FIJA -- INFORMACIÓN GENERAL |
| Campo fijo de descripción fija -- Información general |
200717t2020 us |||| |||| 00| 0 spa d |
| 020 ## - NÚMERO INTERNACIONAL NORMALIZADO PARA LIBROS |
| Número Internacional Normalizado del libro |
9781535983617 |
| 040 ## - FUENTE DE CATALOGACIÓN |
| Agencia de catalogación original |
CO-MdFUSB |
| Idioma de catalogación |
spa |
| Agencia que realiza la transcripción |
CO-MdFUSB |
| Agencia que realiza la modificación |
CO-MdFUSBC |
| Convenciones de la descripción |
rda |
| 041 ## - CÓDIGO DE IDIOMA |
| Código de idioma para texto/pista de sonido o título separado |
spa |
| 082 ## - NÚMERO DE CLASIFICACIÓN DECIMAL DEWEY |
| Número de la edición del Dewey |
23 |
| Número de clasificación |
232.954 |
| 100 ## - ASIENTO PRINCIPAL--NOMBRE PERSONAL |
| Nombre personal |
Vidal Manzanares, César |
| Término relacionador |
autor |
| 245 1# - TÍTULO |
| Título del Material |
Más que un rabino : |
| Parte restante del título - Subtitulo |
la vida y enseñanzas de Jesús el judío |
| Mención de responsabilidad, etc. |
/ César Vidal Manzanares |
| Medio físico |
[electrónico] |
| 264 #1 - PRODUCCIÓN, PUBLICACIÓN, DISTRIBUCIÓN, MANUFACTURA, Y COPYRIGHT |
| Lugar de producción, publicación, distribución, manufactura |
Nashville, TN : |
| Nombre del productor, publicador, distribuidor |
B & H Español, |
| Fecha de producción, publicación, distribución, manufactura, o copyright |
[2020] |
| 264 #4 - PRODUCCIÓN, PUBLICACIÓN, DISTRIBUCIÓN, MANUFACTURA, Y COPYRIGHT |
| Fecha de producción, publicación, distribución, manufactura, o copyright |
© 2020 |
| 300 ## - DESCRIPCIÓN FÍSICA |
| Dimensiones |
; |
| 336 ## - TIPO DE CONTENIDO |
| Fuente |
rdacontent |
| Término de tipo de contenido |
sonidos |
| Código de tipo de contenido |
txt |
| 337 ## - TIPO DE MEDIO |
| Fuente |
rdamedia |
| Nombre del tipo de medio |
informático |
| Código del tipo de medio |
c |
| 338 ## - TIPO DE SOPORTE |
| Fuente |
rdacarrier |
| Nombre del tipo de soporte |
remoto |
| Código Tipo de soporte |
cr |
| 505 ## - NOTA DE CONTENIDO |
| Nota de contenido con formato preestablecido |
Índice De Abreviaturas. -- Introducción. -- Capítulo I. «Vino Un Hombre Llamado Juan…» -- Capítulo II. El Primer Rechazo Del Poder Y Los Primeros Discípulos. -- Capítulo III. El Gran Ministerio Galileo. -- Capítulo IV. El Mayor Maestro De Parábolas. --Capítulo V. La Compasión Del Mesías. -- Capítulo VI. Los Doce. -- Capítulo VII. La Enseñanza Para Los Discípulos. -- Capítulo VIII. El Hombre Que No Quiso Ser Ese Rey. -- Capítulo IX. Seguimiento Y Rechazo. -- Capítulo X. Más Que Un Rabino (I). -- Capítulo XI. Más Que Un Rabino (II) El Mesías Y El Hijo De Dios. -- Capítulo XII. La Luz Del Mundo. -- Capítulo XIII. El Último Año. -- Capítulo XIV. La Última Semana (I) Del Domingo Al Martes. -- Capítulo XV. La Última Semana (II) Del Miércoles Al Jueves. -- Capítulo XVI. Arresto Y Condena (I) El Sanedrín. -- Capítulo XVII. Arresto Y Condena (II) La condena romana. -- Capítulo XVIII. La Crucifixión. -- Capítulo XIX. «No Busquéis Entre Los Muertos Al Que Vive». -- Capítulo XX. Hasta lo último de la tierra. -- Conclusión. Más Que Un Rabino. -- Apéndice I. Las Fuentes Extrabíblicas Sobre Jesús.. -- Apéndice II:Algunas Cuestiones. -- Relacionadas Con El Nacimiento De Jesús. -- Apéndice III. Jesús Y Las Profecías Mesiánica. -- Bibliografía |
| 506 ## - NOTA DE RESTRICCIONES DE ACCESO |
| Condiciones de acceso |
Préstamo en biblioteca del libro físico |
| 506 ## - NOTA DE RESTRICCIONES DE ACCESO |
| Condiciones de acceso |
Solicitar clave y usuario para acceder al libro electrónico. |
| 506 ## - NOTA DE RESTRICCIONES DE ACCESO |
| Condiciones de acceso |
Libro multiusuario. |
| 650 #7 - ASIENTO SECUNDARIO DE MATERIA - TERMINO TEMÁTICO |
| 9 (RLIN) |
239 |
| Término temático o nombre geográfico como elemento de entrada |
Cristología |
| 856 ## - LOCALIZACIÓN Y ACCESO ELECTRÓNICOS |
| Numero de Acceso |
2363589 |
| Identificador Uniforme del Recurso |
<a href="http://search.ebscohost.com/login.aspx?direct=true&scope=site&db=nlebk&db=nlabk&AN=2363589">http://search.ebscohost.com/login.aspx?direct=true&scope=site&db=nlebk&db=nlabk&AN=2363589</a> |
| Nota dirigida al público |
<a href="Abrir Versión electrónica del libro Más que un rabino">Abrir Versión electrónica del libro Más que un rabino</a> |
| 942 ## - TIPO DE MATERIAL (KOHA) |
| Tipo de Item KOHA |
Libros General |
| 945 ## - INFORMACIÓN LOCAL DEL REGISTRO |
| Catalogador |
JTF-925 |